[Event "Mittelfrank Regionalliga Nord-Ost 2223"]
[Site "Mittelfranken"]
[Date "2022.11.27"]
[Round "3.6"]
[White "Braun, Robert"]
[Black "Bock, Helmar"]
[Result "0-1"]
[WhiteElo "1919"]
[BlackElo "1988"]
[PlyCount "54"]
[EventDate "2022.10.09"]
[EventType "team-tourn"]
[EventRounds "9"]
[EventCountry "GER"]
[SourceTitle "EXT 2024"]
[Source "ChessBase"]
[SourceDate "2023.10.10"]
[SourceVersion "1"]
[SourceVersionDate "2023.10.10"]
[SourceQuality "1"]
[WhiteTeam "Buechenbach/Roth"]
[BlackTeam "Herzogenaurach II"]
[WhiteTeamCountry "GER"]
[BlackTeamCountry "GER"]

1. e4 g6 2. d4 Bg7 3. f4 d6 4. Nf3 Nf6 5. Bd3 0-0 6. 0-0 b6 7. e5 Ne8 8. c3 a5 9. Nbd2 c5 10. Ne4 Ba6 11. Ng3 Nc7 12. f5 Bxd3 13. Qxd3 dxe5 14. fxg6 fxg6 15. Qe4 Qd5 16. dxc5 Qxe4 17. Nxe4 Nd7 18. cxb6 Nxb6 19. b3 h6 20. c4 Ne6 21. Ba3 Ra7 22. Rad1 Rc7 23. Bb2 Nd7 24. Rd5 Ra7 25. Bxe5 Nxe5 26. Nxe5 Nf4 27. Nxg6 Ne2+ 0-1

[Event "Mittelfrank Regionalliga Nord-Ost 2122"]
[Site "Mittelfranken"]
[Date "2022.05.15"]
[Round "5.5"]
[White "Wagner, Florian"]
[Black "Bock, Helmar"]
[Result "1-0"]
[WhiteElo "2232"]
[BlackElo "2011"]
[PlyCount "137"]
[EventDate "2021.10.24"]
[EventType "team-tourn"]
[EventRounds "9"]
[EventCountry "GER"]
[SourceTitle "EXT 2024"]
[Source "ChessBase"]
[SourceDate "2023.10.10"]
[SourceVersion "1"]
[SourceVersionDate "2023.10.10"]
[SourceQuality "1"]
[WhiteTeam "Nuernberg Noris Tarrasch III"]
[BlackTeam "Herzogenaurach II"]
[WhiteTeamCountry "GER"]
[BlackTeamCountry "GER"]

1. d4 Nf6 2. c4 g6 3. Nc3 Bg7 4. e4 d6 5. Bd3 0-0 6. h3 Nbd7 7. Nge2 e5 8. d5 Re8 9. g4 c6 10. Ng3 cxd5 11. cxd5 Nc5 12. Bc2 b5 13. b4 Na6 14. Rb1 Rb8 15. Bd3 Nc7 16. Bg5 h6 17. Be3 Rb7 18. g5 hxg5 19. Bxg5 Qd7 20. h4 Nh7 21. Bd2 Qe7 22. h5 a6 23. Qe2 Na8 24. a4 bxa4 25. Bxa6 Rc7 26. Bb5 Bd7 27. Nxa4 Rec8 28. Nb2 Bf6 29. Ba6 Rb8 30. Nc4 Bg5 31. Bxg5 Qxg5 32. Qe3 Qxe3+ 33. Nxe3 Nb6 34. Be2 Nf6 35. Kd2 Ra7 36. Ra1 Rba8 37. Nc2 gxh5 38. Bxh5 Nc4+ 39. Kc3 Rxa1 40. Rxa1 Rc8 41. Bd1 Bb5 42. f3 Kh7 43. Ra7 Kg6 44. Kb3 Nd2+ 45. Kb2 Bd3 46. Ne3 Ne8 47. Ngf5 Kf6 48. Ne7 Rc7 49. Rxc7 Nxc7 50. Nc8 Nb5 51. Kc1 Nf1 52. Ng4+ Kg5 53. Nf2 Bc4 54. Nb6 Ne3 55. Nxc4 Nxc4 56. Be2 Nba3 57. Bxc4 Nxc4 58. Kd1 f5 59. Ke2 fxe4 60. fxe4 Kf4 61. b5 Na5 62. b6 Nb7 63. Kd3 Kf3 64. Nd1 Nc5+ 65. Kc4 Kxe4 66. Nc3+ Kf3 67. Kb5 e4 68. Kc6 e3 69. b7 1-0

[Event "Mittelfrank Regionalliga Nord-Ost 2122"]
[Site "Mittelfranken"]
[Date "2021.10.24"]
[Round "1.5"]
[White "Bade, Joern"]
[Black "Bock, Helmar"]
[Result "1-0"]
[WhiteElo "2204"]
[BlackElo "2011"]
[PlyCount "83"]
[EventDate "2021.10.24"]
[EventType "team-tourn"]
[EventRounds "9"]
[EventCountry "GER"]
[SourceTitle "EXT 2024"]
[Source "ChessBase"]
[SourceDate "2023.10.10"]
[SourceVersion "1"]
[SourceVersionDate "2023.10.10"]
[SourceQuality "1"]
[WhiteTeam "Forchheim SC"]
[BlackTeam "Herzogenaurach II"]
[WhiteTeamCountry "GER"]
[BlackTeamCountry "GER"]

1. e4 e6 2. d4 d5 3. e5 c5 4. Nf3 Nc6 5. Bd3 cxd4 6. 0-0 Qc7 7. Re1 Nge7 8. Bf4 Ng6 9. Bg3 Be7 10. a3 Bd7 11. b4 a6 12. Nbd2 Qb6 13. Nb3 Rc8 14. h4 Na7 15. h5 Nf8 16. Nfxd4 Bb5 17. Qg4 g6 18. Bh4 Qd8 19. Bxe7 Qxe7 20. h6 Nd7 21. Nxb5 Nxb5 22. Bxb5 axb5 23. Qe2 0-0 24. Nd4 Rc4 25. Rad1 Rfc8 26. Rd3 Qh4 27. Qd2 Nb6 28. c3 Ra8 29. Rh3 Qe7 30. Nxb5 Nc8 31. Rf3 Qd7 32. Qg5 Qe7 33. Rf6 Re4 34. Rxe4 dxe4 35. Qd2 Nb6 36. Nd6 Rf8 37. Nxe4 Nd5 38. Rf3 Rd8 39. Rd3 Rc8 40. Nd6 Rf8 41. c4 Nb6 42. Qf4 1-0

[Event "Regionalliga Nord-Ost 1718"]
[Site "Bayern"]
[Date "2018.04.15"]
[Round "9.2"]
[White "Ammon, Tobias"]
[Black "Bock, Helmar"]
[Result "1-0"]
[WhiteElo "2161"]
[BlackElo "2068"]
[PlyCount "49"]
[EventDate "2017.10.22"]
[EventType "team-tourn"]
[EventRounds "9"]
[EventCountry "GER"]
[SourceTitle "EXT 2022"]
[Source "ChessBase"]
[SourceDate "2021.10.06"]
[SourceVersion "1"]
[SourceVersionDate "2021.10.06"]
[SourceQuality "1"]
[WhiteTeam "Altensittenbach"]
[BlackTeam "Herzogenaurach II"]
[WhiteTeamCountry "GER"]
[BlackTeamCountry "GER"]

1. e4 e6 2. d4 d5 3. exd5 exd5 4. Nf3 Bd6 5. c4 c6 6. Nc3 Ne7 7. Qb3 0-0 8. Bd3 dxc4 9. Bxc4 Qb6 10. 0-0 Qxb3 11. Bxb3 Bg4 12. Ne5 Bf5 13. Re1 Nd7 14. Nc4 Bb4 15. a3 Bxc3 16. bxc3 Be6 17. Na5 Nd5 18. Bd2 Rfc8 19. Nxb7 Rcb8 20. Na5 Rb6 21. c4 N5f6 22. Ba4 Rc8 23. c5 Ra6 24. Bd1 Re8 25. Be2 1-0

[Event "Regionalliga Nord-Ost 1718"]
[Site "Bayern"]
[Date "2017.11.26"]
[Round "3.2"]
[White "Bock, Helmar"]
[Black "Illetsko, Jaroslav"]
[Result "1-0"]
[WhiteElo "2068"]
[BlackElo "2113"]
[PlyCount "62"]
[EventDate "2017.10.22"]
[EventType "team-tourn"]
[EventRounds "9"]
[EventCountry "GER"]
[SourceTitle "EXT 2022"]
[Source "ChessBase"]
[SourceDate "2021.10.06"]
[SourceVersion "1"]
[SourceVersionDate "2021.10.06"]
[SourceQuality "1"]
[WhiteTeam "Herzogenaurach II"]
[BlackTeam "Windischeschenbach"]
[WhiteTeamCountry "GER"]
[BlackTeamCountry "GER"]

1. d4 Nf6 2. Bf4 g6 3. Nc3 d5 4. Qd2 h6 5. f3 Bg7 6. e4 Be6 7. 0-0-0 a6 8. Nge2 b5 9. Ng3 c6 10. Kb1 a5 11. h4 a4 12. a3 Qb6 13. Na2 dxe4 14. fxe4 Bxa2+ 15. Kxa2 Na6 16. c3 h5 17. e5 Nd5 18. Ne4 f6 19. exf6 Bxf6 20. Bd3 Rg8 21. Rhe1 0-0-0 22. Qf2 Kb7 23. Bg5 Rgf8 24. Bxf6 exf6 25. Nc5+ Nxc5 26. dxc5 Qc7 27. Bxg6 Qg7 28. Bxh5 Qg8 29. Ka1 Qh7 30. Bf3 Qf7 31. Qc2 Qd7 1-0

[Event "Regionalliga Nord-Ost 1718"]
[Site "Bayern"]
[Date "2017.11.12"]
[Round "2.2"]
[White "Braun, Michael1111"]
[Black "Bock, Helmar"]
[Result "1/2-1/2"]
[WhiteElo "2034"]
[BlackElo "2068"]
[PlyCount "51"]
[EventDate "2017.10.22"]
[EventType "team-tourn"]
[EventRounds "9"]
[EventCountry "GER"]
[SourceTitle "EXT 2022"]
[Source "ChessBase"]
[SourceDate "2021.10.06"]
[SourceVersion "1"]
[SourceVersionDate "2021.10.06"]
[SourceQuality "1"]
[WhiteTeam "Buechenbach/Roth"]
[BlackTeam "Herzogenaurach II"]
[WhiteTeamCountry "GER"]
[BlackTeamCountry "GER"]

1. d4 Nf6 2. c4 g6 3. Nf3 Bg7 4. g3 d6 5. Bg2 0-0 6. 0-0 Nbd7 7. b3 e5 8. dxe5 Ng4 9. Bb2 Ngxe5 10. Nxe5 Nxe5 11. Qd2 a5 12. Nc3 a4 13. Rad1 axb3 14. axb3 Bg4 15. h3 Be6 16. Ra1 Qd7 17. Kh2 Nc6 18. Nd5 Bxd5 19. Bxd5 Qe7 20. Bxg7 Kxg7 21. Rxa8 Rxa8 22. b4 f6 23. b5 Nd8 24. Rd1 Ra4 25. Qc2 Ra7 26. Qd2 1/2-1/2

[Event "Regionalliga Nord-Ost 1718"]
[Site "Bayern"]
[Date "2017.10.22"]
[Round "1.2"]
[White "Bock, Helmar"]
[Black "Barth, Norbert"]
[Result "1/2-1/2"]
[WhiteElo "2068"]
[BlackElo "2240"]
[PlyCount "194"]
[EventDate "2017.10.22"]
[EventType "team-tourn"]
[EventRounds "9"]
[EventCountry "GER"]
[SourceTitle "EXT 2022"]
[Source "ChessBase"]
[SourceDate "2021.10.06"]
[SourceVersion "1"]
[SourceVersionDate "2021.10.06"]
[SourceQuality "1"]
[WhiteTeam "Herzogenaurach II"]
[BlackTeam "Schwandorf"]
[WhiteTeamCountry "GER"]
[BlackTeamCountry "GER"]

1. d4 e6 2. c4 Bb4+ 3. Bd2 Bxd2+ 4. Qxd2 Nf6 5. Nc3 d5 6. Nf3 0-0 7. e3 Qe7 8. Rc1 Rd8 9. Qc2 dxc4 10. Bxc4 c5 11. 0-0 Nc6 12. Rfd1 cxd4 13. Nxd4 Bd7 14. Qe2 Rac8 15. a3 Be8 16. Nf3 Rxd1+ 17. Rxd1 Rd8 18. Ba2 Kf8 19. Rxd8 Qxd8 20. Qd2 Qxd2 21. Nxd2 Ke7 22. Kf1 h6 23. Ke2 Bd7 24. b4 Ne8 25. Nde4 Bc8 26. Bb3 b6 27. Ba4 Bb7 28. f3 Nc7 29. Bb3 Ba6+ 30. Kd2 Bf1 31. g3 Ne5 32. Ke1 Bg2 33. f4 Ng4 34. Ke2 Nxh2 35. Kf2 Bxe4 36. Nxe4 Ng4+ 37. Kf3 Nf6 38. Nc3 Nfe8 39. Bc4 Nd6 40. Bd3 Kd7 41. e4 Nc8 42. Ke3 Ne7 43. g4 g5 44. f5 Kd6 45. fxe6 fxe6 46. Nb1 Nc6 47. Nd2 Ne5 48. Be2 Ne8 49. Kf2 Nf6 50. Kg3 Kc6 51. Kh3 Kc7 52. Kg3 Kd6 53. Kh3 Ng6 54. Nc4+ Ke7 55. Kg3 Nxe4+ 56. Kf3 Nd6 57. Nxd6 Kxd6 58. Ke4 Nf4 59. Bf1 Nd5 60. Kd4 Nc7 61. Be2 Ke7 62. Ke5 a5 63. bxa5 bxa5 64. Bc4 Nd5 65. Bxd5 exd5 66. a4 Kf7 67. Kxd5 h5 68. gxh5 Kg7 69. Ke4 Kh6 70. Kf3 Kxh5 71. Kg3 Kg6 72. Kh3 Kf5 73. Kg3 Ke6 74. Kg4 Kf6 75. Kg3 Kf5 76. Kf3 g4+ 77. Kg3 Kg5 78. Kg2 Kh4 79. Kh2 g3+ 80. Kg1 Kg4 81. Kg2 Kf4 82. Kg1 Kg5 83. Kg2 Kh4 84. Kg1 Kh3 85. Kh1 Kg4 86. Kg1 Kf3 87. Kf1 Ke3 88. Kg2 Kd3 89. Kxg3 Kc3 90. Kf3 Kb3 91. Ke3 Kxa4 92. Kd2 Kb3 93. Kc1 Ka2 94. Kc2 a4 95. Kc1 a3 96. Kc2 Ka1 97. Kc1 a2 1/2-1/2

[Event "Regionalliga NO 1617"]
[Site "Bayern"]
[Date "2016.12.04"]
[Round "3.3"]
[White "Bock, Helmar"]
[Black "Bloederl, Alfred"]
[Result "1-0"]
[WhiteElo "2037"]
[BlackElo "1995"]
[PlyCount "57"]
[EventDate "2016.10.16"]
[EventType "team-tourn"]
[EventRounds "9"]
[EventCountry "GER"]
[SourceTitle "EXT 2019"]
[Source "ChessBase"]
[SourceDate "2018.10.10"]
[SourceVersion "1"]
[SourceVersionDate "2018.10.10"]
[SourceQuality "1"]
[WhiteTeam "Herzogenaurach II"]
[BlackTeam "Windischeschenbach"]
[WhiteTeamCountry "GER"]
[BlackTeamCountry "GER"]

1. d4 Nf6 2. c4 e6 3. Nf3 b6 4. g3 Bb7 5. Bg2 Be7 6. Nc3 Ne4 7. Qc2 Nxc3 8. bxc3 d5 9. cxd5 exd5 10. 0-0 Nd7 11. h4 h6 12. Bf4 0-0 13. Qd2 Re8 14. Rfe1 Bf8 15. g4 Nf6 16. g5 Ne4 17. Qc1 hxg5 18. Nxg5 Nxg5 19. hxg5 g6 20. Be5 Bg7 21. Bxg7 Kxg7 22. Qf4 Re6 23. c4 Qd6 24. Qxd6 Rxd6 25. Rec1 c6 26. cxd5 cxd5 27. Rc7 Ba6 28. e3 Bc4 29. Rxc4 1-0

[Event "Regionalliga NO 1617"]
[Site "Bayern"]
[Date "2016.11.20"]
[Round "2.3"]
[White "Simon, Guenther"]
[Black "Bock, Helmar"]
[Result "1/2-1/2"]
[WhiteElo "1884"]
[BlackElo "2037"]
[PlyCount "54"]
[EventDate "2016.10.16"]
[EventType "team-tourn"]
[EventRounds "9"]
[EventCountry "GER"]
[SourceTitle "EXT 2019"]
[Source "ChessBase"]
[SourceDate "2018.10.10"]
[SourceVersion "1"]
[SourceVersionDate "2018.10.10"]
[SourceQuality "1"]
[WhiteTeam "Regensburg Turnerschaft"]
[BlackTeam "Herzogenaurach II"]
[WhiteTeamCountry "GER"]
[BlackTeamCountry "GER"]

1. e4 e6 2. d4 d5 3. exd5 exd5 4. Bd3 Bd6 5. Nf3 Bg4 6. Nbd2 Nf6 7. 0-0 0-0 8. Re1 Re8 9. h3 Bh5 10. c3 Nbd7 11. Qc2 Bg6 12. Nf1 Ne4 13. Bg5 Ndf6 14. Bh4 c6 15. Ne3 Qc7 16. Bxf6 Nxf6 17. Nf5 Bf4 18. Nd2 Qd7 19. Nh4 Rxe1+ 20. Rxe1 Re8 21. Rxe8+ Qxe8 22. Nxg6 Qe1+ 23. Nf1 hxg6 24. g3 Bc1 25. b3 Bh6 26. Kg2 Kh8 27. Nh2 Qc1 1/2-1/2

[Event "Regionalliga NO 1617"]
[Site "Bayern"]
[Date "2016.10.16"]
[Round "1.3"]
[White "Bock, Helmar"]
[Black "Redzepovic, Irfan"]
[Result "1-0"]
[WhiteElo "2037"]
[BlackElo "2015"]
[PlyCount "143"]
[EventDate "2016.10.16"]
[EventType "team-tourn"]
[EventRounds "9"]
[EventCountry "GER"]
[SourceTitle "EXT 2019"]
[Source "ChessBase"]
[SourceDate "2018.10.10"]
[SourceVersion "1"]
[SourceVersionDate "2018.10.10"]
[SourceQuality "1"]
[WhiteTeam "Herzogenaurach II"]
[BlackTeam "Nuernberg Sued SW II"]
[WhiteTeamCountry "GER"]
[BlackTeamCountry "GER"]

1. d4 Nf6 2. c4 e6 3. Nf3 Bb4+ 4. Bd2 Qe7 5. a3 Bxd2+ 6. Qxd2 d6 7. Qc2 e5 8. e3 Nc6 9. d5 Nb8 10. Nc3 0-0 11. Bd3 g6 12. Nd2 a5 13. 0-0-0 c6 14. f3 cxd5 15. cxd5 Bd7 16. Qb3 Na6 17. Bxa6 bxa6 18. Qb6 Rfc8 19. e4 a4 20. Kc2 Bb5 21. Kb1 Bd3+ 22. Ka1 Rab8 23. Qe3 Qb7 24. Rb1 Bxb1 25. Rxb1 Qd7 26. Qd3 Rb6 27. Nc4 Rb7 28. Na5 Ra7 29. Rd1 Raa8 30. Nc6 Qe8 31. Nxa4 Nd7 32. Qb3 Rc7 33. Qb4 Qf8 34. Qa5 Rb7 35. Rc1 Qh6 36. Rc2 Qxh2 37. Nb4 Qg1+ 38. Ka2 Qd1 39. Rc7 Rb5 40. Nc3 Rxa5 41. Nxd1 Nf6 42. Rc6 Ne8 43. Nc3 h5 44. Rb6 h4 45. Kb1 f5 46. Kc2 Rc8 47. Nc6 Rc5 48. Ne7+ Kf7 49. Nxc8 Rxc8 50. Kd3 f4 51. Rxa6 g5 52. Ke2 Kg6 53. Rb6 Kh5 54. Kf2 g4 55. fxg4+ Kxg4 56. Rb7 Nc7 57. a4 Na6 58. Rg7+ Kh5 59. Rd7 Rb8 60. Rxd6 Rxb2+ 61. Kg1 Nc5 62. Rc6 Nd7 63. a5 Rc2 64. a6 Rc1+ 65. Kf2 Ra1 66. Rc7 Nf6 67. a7 Ng4+ 68. Ke2 Ne3 69. d6 Nc2 70. Nb5 Ra2 71. Rxc2 Rxc2+ 72. Kf3 1-0

[Event "Mittelfranken-chTB1 1415"]
[Site "Mittelfranken"]
[Date "2014.12.14"]
[Round "4.3"]
[White "Petzold, Vinzenz"]
[Black "Bock, Helmar"]
[Result "1/2-1/2"]
[WhiteElo "1997"]
[BlackElo "2017"]
[PlyCount "112"]
[EventDate "2014.09.29"]
[EventType "team-tourn"]
[EventRounds "9"]
[EventCountry "GER"]
[SourceTitle "EXT 2020"]
[Source "ChessBase"]
[SourceDate "2019.10.17"]
[SourceVersion "1"]
[SourceVersionDate "2019.10.17"]
[SourceQuality "1"]
[WhiteTeam "Nuernberg Zabo"]
[BlackTeam "Herzogenaurach"]
[WhiteTeamCountry "GER"]
[BlackTeamCountry "GER"]

1. d4 Nf6 2. c4 g6 3. Nc3 Bg7 4. e4 d6 5. Be2 0-0 6. Bg5 h6 7. Be3 a6 8. Qd2 Kh7 9. h3 Nbd7 10. f4 c5 11. Nf3 cxd4 12. Nxd4 Nc5 13. Bf3 Qc7 14. Rc1 Bd7 15. Nd5 Qd8 16. Nxf6+ Bxf6 17. 0-0 Bg7 18. f5 a5 19. Rfd1 Qb6 20. b3 Rfd8 21. Kh1 Qb4 22. Qf2 Bf6 23. Rc2 Rac8 24. Bc1 Qb6 25. Be3 Qc7 26. Rcd2 Bc6 27. Nxc6 bxc6 28. Bd4 Bg5 29. Re2 Nd7 30. h4 Bf6 31. fxg6+ fxg6 32. Bg4 Rf8 33. Bxd7 Qxd7 34. Qg3 Qe6 35. e5 Bg7 36. Rde1 d5 37. c5 Rf5 38. Rf2 Rcf8 39. Rxf5 Rxf5 40. Bc3 d4 41. Bxd4 Qd5 42. Qe3 h5 43. Qe4 Rf1+ 44. Bg1 Rxe1 45. Qxe1 Bxe5 46. Bf2 Bf6 47. Qxa5 Qd1+ 48. Qe1 Qc2 49. Qe3 Qxa2 50. Kh2 Qb2 51. Kh3 Kg7 52. Kh2 Kf7 53. Qd3 Qe5+ 54. Kh1 Qa1+ 55. Kh2 Qe5+ 56. Kh1 Qa1+ 1/2-1/2

[Event "Mittelfranken-chTB1 1415"]
[Site "Mittelfranken"]
[Date "2014.11.16"]
[Round "3.3"]
[White "Haeckler, Daniel"]
[Black "Bock, Helmar"]
[Result "1-0"]
[WhiteElo "2080"]
[BlackElo "2017"]
[PlyCount "91"]
[EventDate "2014.09.29"]
[EventType "team-tourn"]
[EventRounds "9"]
[EventCountry "GER"]
[SourceTitle "EXT 2020"]
[Source "ChessBase"]
[SourceDate "2019.10.17"]
[SourceVersion "1"]
[SourceVersionDate "2019.10.17"]
[SourceQuality "1"]
[WhiteTeam "Buechenbach/Roth"]
[BlackTeam "Herzogenaurach"]
[WhiteTeamCountry "GER"]
[BlackTeamCountry "GER"]

1. e4 b6 2. d4 Bb7 3. Bd3 e6 4. Nc3 Nf6 5. Nf3 c5 6. 0-0 cxd4 7. Nxd4 Nc6 8. Nf3 Qb8 9. Qe2 Ng4 10. g3 Bd6 11. Nb5 Bc5 12. Bf4 Nge5 13. Nxe5 Nxe5 14. Be3 0-0 15. Bxc5 bxc5 16. Nc3 Qc7 17. f4 c4 18. fxe5 cxd3 19. cxd3 Qxe5 20. Rad1 Ba6 21. Qe3 Qh5 22. Rd2 d6 23. Qd4 Rfd8 24. Rdf2 f6 25. Re1 Qe5 26. Qa4 Bc8 27. Rd2 Bd7 28. Qa3 Qd4+ 29. Kg2 Bc6 30. Ne2 Qe3 31. Rdd1 d5 32. Nf4 Qb6 33. Nxe6 dxe4 34. Nxd8 Qxd8 35. dxe4 Bxe4+ 36. Kg1 Qb6+ 37. Qe3 f5 38. Qxb6 axb6 39. a3 b5 40. Kf2 b4 41. axb4 Rb8 42. Rd4 Kf7 43. Rexe4 fxe4 44. Rxe4 Rc8 45. Ke3 Rc2 46. b3 1-0

[Event "Mittelfranken-chTB1 1314"]
[Site "Mittelfranken"]
[Date "2014.01.12"]
[Round "4.2"]
[White "Bock, Helmar"]
[Black "Kroneder, Christian"]
[Result "1/2-1/2"]
[WhiteElo "2017"]
[BlackElo "2019"]
[PlyCount "44"]
[EventDate "2013.10.20"]
[EventType "team-tourn"]
[EventRounds "9"]
[EventCountry "GER"]
[SourceTitle "EXT 2020"]
[Source "ChessBase"]
[SourceDate "2019.10.17"]
[SourceVersion "1"]
[SourceVersionDate "2019.10.17"]
[SourceQuality "1"]
[WhiteTeam "Herzogenaurach"]
[BlackTeam "Schwanstetten"]
[WhiteTeamCountry "GER"]
[BlackTeamCountry "GER"]

1. e4 c5 2. Nf3 d6 3. Bb5+ Bd7 4. Bxd7+ Qxd7 5. 0-0 Nc6 6. c3 Nf6 7. Re1 e6 8. d4 cxd4 9. cxd4 d5 10. e5 Ne4 11. Nbd2 Nxd2 12. Bxd2 Be7 13. Re3 Rc8 14. Rc1 0-0 15. Qe2 Rc7 16. a3 Rfc8 17. h4 b5 18. b4 Qd8 19. g3 Nb8 20. Rxc7 Rxc7 21. Rc3 Rxc3 22. Bxc3 Qc7 1/2-1/2

[Event "Mittelfranken-chTB2b 1213"]
[Site "Germany"]
[Date "2013.04.21"]
[Round "8.2"]
[White "Suess, Helmut"]
[Black "Bock, Helmar"]
[Result "0-1"]
[WhiteElo "1917"]
[BlackElo "2032"]
[PlyCount "90"]
[EventDate "2012.10.07"]
[EventType "team-tourn"]
[EventRounds "9"]
[EventCountry "GER"]
[SourceTitle "EXT 2019"]
[Source "ChessBase"]
[SourceDate "2018.10.10"]
[SourceVersion "1"]
[SourceVersionDate "2018.10.10"]
[SourceQuality "1"]
[WhiteTeam "Nuernberg NT IV"]
[BlackTeam "Herzogenaurach"]
[WhiteTeamCountry "GER"]
[BlackTeamCountry "GER"]

1. d4 Nf6 2. c4 g6 3. Nc3 Bg7 4. e4 d6 5. Nf3 0-0 6. Be2 e5 7. dxe5 dxe5 8. Qxd8 Rxd8 9. Bg5 Nbd7 10. 0-0-0 Rf8 11. h3 c6 12. Rhe1 Re8 13. Be3 Bf8 14. Nd2 Nc5 15. f3 Ne6 16. Nb3 b6 17. Bf1 Nd7 18. g4 Ndc5 19. g5 a5 20. Nxc5 Nxc5 21. a4 Be6 22. Kc2 Rac8 23. b3 Be7 24. Rd2 Red8 25. Red1 Rxd2+ 26. Rxd2 Kf8 27. Bg2 Nd7 28. Bf1 Bc5 29. Bxc5+ Nxc5 30. h4 Ke7 31. Bg2 Rf8 32. Nd1 f6 33. Nf2 h6 34. Nd3 Nxd3 35. Rxd3 fxg5 36. hxg5 hxg5 37. Rd2 Rh8 38. Bf1 Rh1 39. Be2 Rg1 40. Bd1 g4 41. fxg4 Bxg4 42. Bxg4 Rxg4 43. Re2 Kd6 44. Re3 Kc5 45. Kc3 g5 0-1

[Event "Mittelfranken-chTB2b 1112"]
[Site "Germany"]
[Date "2012.03.25"]
[Round "9.1"]
[White "Bock, Helmar"]
[Black "Pokorny, Klaus"]
[Result "0-1"]
[WhiteElo "2058"]
[BlackElo "1838"]
[PlyCount "44"]
[EventDate "2011.09.25"]
[EventType "team-tourn"]
[EventRounds "9"]
[EventCountry "GER"]
[SourceTitle "EXT 2018"]
[Source "ChessBase"]
[SourceDate "2017.10.13"]
[SourceVersion "1"]
[SourceVersionDate "2017.10.13"]
[SourceQuality "1"]
[WhiteTeam "Herzogenaurach"]
[BlackTeam "Kirchehrenbach/Ebermannstadt"]
[WhiteTeamCountry "GER"]
[BlackTeamCountry "GER"]

1. d4 Nf6 2. c4 g6 3. Nc3 Bg7 4. e4 0-0 5. Be3 d6 6. f3 e5 7. Nge2 Nh5 8. g4 Nf4 9. Nxf4 exf4 10. Bxf4 f5 11. gxf5 gxf5 12. Qd2 fxe4 13. fxe4 Nc6 14. Rg1 Qh4+ 15. Bg3 Qf6 16. e5 dxe5 17. Nd5 Qf7 18. dxe5 Bg4 19. Bf4 Nxe5 20. Be2 Bxe2 21. Qxe2 Rae8 22. 0-0-0 Ng6 0-1

[Event "Regionalliga NW 0506"]
[Site "Bayern"]
[Date "2006.04.02"]
[Round "9.1"]
[White "Bock, Helmar"]
[Black "Braeutigam, Thomas"]
[Result "1-0"]
[WhiteElo "2086"]
[BlackElo "2108"]
[PlyCount "71"]
[EventDate "2005.10.23"]
[EventType "team-tourn"]
[EventRounds "9"]
[EventCountry "GER"]
[SourceTitle "EXT 2007"]
[Source "ChessBase"]
[SourceDate "2006.11.23"]
[SourceVersion "1"]
[SourceVersionDate "2006.11.23"]
[SourceQuality "1"]

1. e4 c5 2. Nf3 e6 3. d4 cxd4 4. Nxd4 Nf6 5. Nc3 d6 6. Be2 a6 7. f4 Nc6 8. Be3 Qc7 9. 0-0 Bd7 10. Nb3 b5 11. Bf3 Be7 12. Qe1 Rc8 13. Qf2 0-0 14. Rfd1 Qb8 15. Rd2 a5 16. Rad1 a4 17. Nc1 Ne8 18. Nd3 Na5 19. Ba7 Qa8 20. Bd4 Nc4 21. Re2 Qb8 22. b3 Na5 23. Nb1 Nc6 24. Be3 Nf6 25. Nc1 e5 26. Nd3 Ng4 27. Bxg4 Bxg4 28. Nc3 Bxe2 29. Qxe2 Rfe8 30. f5 Nd4 31. Bxd4 exd4 32. Nd5 Qa7 33. Kh1 f6 34. N3f4 Qc5 35. Qg4 Kh8 36. Ne6 1-0